Vyhodnocení inovačního projektu firmy
Vyhodnotenie inovačného projektu firmy 1. Strojírenská Chrast, s.r.o. Zameranie a ciele finančnej analýzy. Financovanie projektu. Hodnotenie ekonomickej efektívnosti. Citlivostná analýza rizík. Závery finančnej analýzy.
Gespeichert in:
| 1. Verfasser: | |
|---|---|
| Weitere Verfasser: | |
| Format: | Buchkapitel |
| Sprache: | Tschechisch |
| Schlagworte: | |
| Tags: |
Keine Tags, Fügen Sie das erste Tag hinzu!
|
MARC
| LEADER | 00000naa$a2200000$$$4500 | ||
|---|---|---|---|
| 001 | 0038927 | ||
| 005 | 20231107071136.2 | ||
| 041 | 0 | |a cze | |
| 044 | |a CZ | ||
| 245 | 1 | 0 | |a Vyhodnocení inovačního projektu firmy |c Ivan Jáč, Michael Stuchlík |
| 520 | |a Vyhodnotenie inovačného projektu firmy 1. Strojírenská Chrast, s.r.o. Zameranie a ciele finančnej analýzy. Financovanie projektu. Hodnotenie ekonomickej efektívnosti. Citlivostná analýza rizík. Závery finančnej analýzy. | ||
| 610 | 2 | 0 | |a firmy |
| 610 | 2 | 0 | |a projekty |
| 610 | 2 | 0 | |a podnik strojársky |
| 610 | 2 | 0 | |a rozvoj podniku |
| 610 | 2 | 0 | |a zdroje finančné |
| 610 | 2 | 0 | |a analýza finančná |
| 610 | 2 | 0 | |a inovácia |
| 610 | 2 | 0 | |a efektívnosť ekonomická |
| 100 | 1 | |a Jáč, Ivan | |
| 700 | 1 | |a Stuchlík, Michael | |